| 000 | 01384nab a2200241 i 4500 | ||
|---|---|---|---|
| 001 | 768714001 | ||
| 003 | CO-MdFUSB | ||
| 005 | 20240527155759.0 | ||
| 008 | 240527t1975 sp ||||| |||| 00| 0 spa d | ||
| 040 |
_bspa _cCO-MdFUSB _dCO-MdFUSB |
||
| 041 | _aspa | ||
| 100 |
_aRioux, Marcel, _d1919-1992 _eautor |
||
| 245 | 4 |
_aLos jóvenes y su deseo de "cambiar la vida" _c/ Marcel Rioux ; traducido por Teresa S. Muñoz |
|
| 520 | _aLos jóvenes, debido a su posición en la vida y en la sociedad, tienen Jendencia a rebelarse contra sus padres y los adultos en general, resulta que esos conflictos generacionales que surgen hoy están sobredeterminados por las contradicciones que comporta la evo- lución de nuestras sociedades. En otros términos: esta oposición entre las generaciones, que existe en todas las sociedades, se ve apoyada por fenómenos específicos de ese modo de producción, que agravan y exacerban los conflictos. | ||
| 630 | 0 | _aReligión, cultura y sociedad | |
| 650 | 0 |
_aJóvenes _91879 |
|
| 650 | 7 |
_aIglesia _9655 |
|
| 653 | _aLos jóvenes y el futuro de la Iglesia | ||
| 700 |
_aMuñoz, Teresa S., _etraductor |
||
| 773 | 0 |
_049450 _982687 _oR2596 _tRevista internacional de teología Concilium _w(CO-MdFUSB)8 _x0210-1041 _gVolumen 106, (junio, 1975) páginas: 342 - 352 _qpáginas: 342 |
|
| 942 | _cANA | ||
| 945 | _aCatherine Arias Álvarez - Practicante SENA | ||
| 999 |
_c69934 _d69934 |
||